000 00397nam a22001097a 4500
008 110624t xxu||||| |||| 00| 0 eng d
010 _aHCCSF95
245 _aHigh Court Civil Suit No. 0012 OF 2001 Florence Baliraine Vs The Attorney General
260 _c2001
500 _aBefore: YOROKAMU BAMWINE
999 _c3820
_d3820